Basics of Clinical Nutrition (Record no. 100)

MARC details
000 -LEADER
Fixed length control field 00513nam a2200205Ia 4500
003 - CONTROL NUMBER IDENTIFIER
Control field IIN
005 - DATE AND TIME OF LATEST TRANSACTION
Control field 20240102124629.0
008 - FIXED-LENGTH DATA ELEMENTS--GENERAL INFORMATION
Fixed length control field 231217s9999 xx 000 0 und d
020 ## - INTERNATIONAL STANDARD BOOK NUMBER / ISBN
Price Rs.695.00
International Standard Book Number 9788184482133
040 ## - CATALOGING SOURCE
Original cataloging agency IIN
Language of cataloging English
082 ## - DEWEY DECIMAL CLASSIFICATION NUMBER
Classification number 615.854
Book Number JOS
100 1# - MAIN ENTRY--PERSONAL NAME
Personal name Joshi, Y. K.
245 1# - TITLE STATEMENT
Title Basics of Clinical Nutrition
Statement of responsibility Y K Joshi
250 ## - EDITION STATEMENT
Edition statement 2nd ed
260 ## - IMPRINT
Name of publisher Jaypee
Place of publication New Delhi
Date of publication 2009
300 ## - PHYSICAL DESCRIPTION
Page / Vol. No xii, 451 p.
650 1# - SUBJECT ADDED ENTRY--TOPICAL TERM
Topical term Nutrition
650 ## - SUBJECT ADDED ENTRY--TOPICAL TERM
Topical term Nutrition
Form subdivision Clinical
942 ## - ADDED ENTRY ELEMENTS (KOHA)
Koha item type Books
Holdings
Withdrawn status Lost status Source of classification Damaged status Not for loan Collection code Home library Current library Date acquired Price Total Checkouts Call number Accession number Date last seen Price effective from Koha item type
    Dewey Decimal Classification       IDEAL INSTITUTE OF NURSING IDEAL INSTITUTE OF NURSING 17/12/2023 695.00   615.854 JOS 95 17/12/2023 17/12/2023 Books
© Ideal Institute Of Nursing, All rights reserved.         Powered by Koha